MARC

LEADER 00000nas a2200000 a 4500
001 ssj0015393
003 WaSeSS
005 20200512172242.0
006 m d
007 cr n
008 980901c19979999at qr p s 0 0eng c
010 |a sn 98032836  
022 |a 1329-8100  |l 0019-0268  |y 1329-8100 
035 |a (WaSeSS)ssj0015393 
037 |b Institute of Public Affairs Ltd, Level 2, 410 Collins Street, Melbourne, Victoria 3000 
040 |a HLS  |b eng  |c HLS  |d IUL  |d SYS  |d IUL  |d CUS  |d OCLCQ  |d HLS  |d OCLCF  |d OCLCO  |d HUL  |d CUS  |d OCLCQ  |d WaSeSS 
042 |a pcc 
043 |a u-at--- 
050 1 4 |a HB1  |b .I62 
130 0 |a Review (Institute of Public Affairs (Australia) : 1997) 
222 0 |a Institute of Public Affairs review 
245 1 0 |a Review  |h [electronic resource]. 
246 1 3 |a Institute of Public Affairs review 
246 1 |a IPA review 
260 |3 Mar. 1997- :  |a Jolimont, VIC :  |b Institute of Public Affairs,  |c 1997- 
260 3 |3 <Aug. 2010-> :  |a Melbourne, Vic. :  |b Institute of Public Affairs 
310 |a Quarterly 
362 0 |a Vol. 49, no. 3 (Mar. 1997)- 
500 |a Title from cover. 
500 |a "A quarterly review of politics and public affairs"--Cover. 
506 |a License restrictions may limit access. 
588 |a Latest issue consulted: Vol. 62, no. 3 (Aug. 2010). 
648 7 |a Since 1945  |2 fast 
650 0 |a Economics  |v Periodicals. 
650 7 |a Economic history.  |2 fast  |0 (OCoLC)fst00901974 
650 7 |a Economics.  |2 fast  |0 (OCoLC)fst00902116 
651 0 |a Australia  |x Economic conditions  |y 1945-  |v Periodicals. 
651 7 |a Australia.  |2 fast  |0 (OCoLC)fst01204543 
655 0 |a Electronic journals. 
710 2 |a Institute of Public Affairs (Australia) 
780 0 0 |t IPA review  |x 1030-4177  |w (DLC) 87642283  |w (OCoLC)15506576 
850 |a MH 
853 0 0 |8 1  |a v.  |b no.  |i (year)  |j (month) 
856 4 0 |z Full text available from Research Library: 03/01/1997 to present  |u https://search.proquest.com/publication/27157 
863 4 0 |8 1  |a <49>  |b <3>-  |i <1997>  |x provisional